000 01495cam a22003371a 4500
999 _c9498
_d9498
003 EG-ScBUE
005 20200108131703.0
008 190729s1989 enk f b 001 0deng d
020 _a0521352568
020 _a9780521352567
040 _aEG-ScBUE
_beng
_erda
_cEG-ScBUE
_dEG-ScBUE
082 0 4 _a809.9145
_bLOC
_222
100 1 _aLockridge, Laurence S,‏
_d1942-
_eauthor.
245 1 4 _aThe ethics of romanticism /
_cLaurence S. Lockridge, Department of English, New York University.
264 1 _aCambridge :
_bCambridge University Press,
_c1989.
300 _axv, 493 pages ;
_c24 cm
336 _2rdacontent
_atext
_btxt
337 _2rdamedia
_aunmediated
_bn
338 _2rdacarrier
_avolume
_bnc
500 _aDistributer: Al-Ahram
504 _aIncludes bibliographical references and index.
520 _aLaurence Lockridge argues that a focus on the ethical dimension of literature is the single most powerful strategy for structuring a writer's work as a whole, and that it can even prove congenial. He gives original, interrelated readings of eight major British Romantic writers.
590 _amahmoud sami
650 7 _aRomanticism.
_2BUEsh
650 7 _aEthics.
_2BUEsh
653 _bHHUUEENN
_cJanuary2020
655 _vReading book
856 4 2 _3Publisher description
_uhttp://www.loc.gov/catdir/enhancements/fy0661/88031180-d.html
856 4 2 _3Table of contents only
_uhttp://www.loc.gov/catdir/enhancements/fy0661/88031180-t.html
942 _cBB
_k809.9145LOC
_2ddc